[Event "GER-chT Lands U20"]
[Site "Neumuenster"]
[Date "2021.10.04"]
[Round "4.1"]
[White "Huber, Benedikt Thomas"]
[Black "Evering, Enna"]
[Result "1-0"]
[WhiteElo "1722"]
[BlackElo "1568"]
[PlyCount "75"]
[EventDate "2021.10.01"]
[EventType "team-swiss"]
[EventRounds "7"]
[EventCountry "GER"]
[SourceTitle "CBM 204 Extra"]
[Source "ChessBase"]
[SourceDate "2021.11.30"]
[SourceVersion "1"]
[SourceVersionDate "2021.11.30"]
[SourceQuality "1"]
[WhiteTeam "Bayern"]
[BlackTeam "Bremen/Niedersachsen"]
[WhiteTeamCountry "GER"]
[BlackTeamCountry "GER"]

1. e4 e5 2. Nf3 Nc6 3. d4 exd4 4. Nxd4 Nge7 5. Be3 Nxd4 6. Bxd4 Nc6 7. Nc3 Nxd4 8. Qxd4 c6 9. Bc4 Qg5 10. 0-0 Bc5 11. Qd3 0-0 12. Kh1 a5 13. f4 Qh5 14. a4 Kh8 15. e5 f6 16. exf6 Rxf6 17. Ne4 Rh6 18. h3 d6 19. Ng5 d5 20. Bxd5 cxd5 21. Qxd5 Bxh3 22. gxh3 Rf8 23. Qxc5 Rhf6 24. Qe3 h6 25. Ne4 Re6 26. Qd3 Rfe8 27. Rae1 Qf5 28. Nf2 Rxe1 29. Qxf5 Rxf1+ 30. Kg2 Ree1 31. Qc8+ Kh7 32. Qxb7 Rg1+ 33. Kf3 Ref1 34. c4 Rh1 35. c5 Rh2 36. Qe4+ Kg8 37. Qc4+ Kh8 38. Qxf1 1-0

[Event "Niedersachsen-ch op B"]
[Site "Verden"]
[Date "2019.01.05"]
[Round "6"]
[White "Evering, Enna"]
[Black "Gniffke, Reiner"]
[Result "1-0"]
[WhiteElo "1566"]
[BlackElo "1622"]
[PlyCount "99"]
[EventDate "2019.01.03"]
[EventType "swiss"]
[EventRounds "7"]
[EventCountry "GER"]
[SourceTitle "EXT 2022"]
[Source "ChessBase"]
[SourceDate "2021.10.06"]
[SourceVersion "1"]
[SourceVersionDate "2021.10.06"]
[SourceQuality "1"]

1. e4 e6 2. d4 d5 3. Nc3 Bb4 4. e5 Ne7 5. Nf3 c5 6. Bb5+ Nbc6 7. 0-0 0-0 8. a3 Bxc3 9. bxc3 Qa5 10. Be2 cxd4 11. cxd4 Bd7 12. Rb1 Qc7 13. Bb2 Rac8 14. Qd2 Na5 15. Rfe1 b6 16. Ba6 Rb8 17. Bd3 h6 18. Bc3 Nc4 19. Bxc4 dxc4 20. Bb4 Qd8 21. Qe2 Rc8 22. Bd6 Re8 23. Rb4 b5 24. Rbb1 Nd5 25. Qd2 Bc6 26. Bc5 a6 27. c3 Nb6 28. Bxb6 Qxb6 29. Re3 Qb7 30. a4 Red8 31. axb5 Bxb5 32. Ne1 Qe7 33. Rg3 Kh8 34. Qf4 f6 35. exf6 Qxf6 36. Qxf6 gxf6 37. Rg6 e5 38. dxe5 fxe5 39. Rxh6+ Kg7 40. Re6 Rd5 41. Nf3 Rcd8 42. Rxe5 Rd3 43. Re3 R3d5 44. Nd4 Kg6 45. h3 Kh5 46. Re6 Rxd4 47. cxd4 c3 48. Rc1 Rc8 49. Re5+ Kg6 50. Rc5 1-0

[Event "Niedersachsen-ch op B"]
[Site "Verden"]
[Date "2019.01.04"]
[Round "3"]
[White "Storjohann, Klaus"]
[Black "Evering, Enna"]
[Result "1-0"]
[WhiteElo "1638"]
[BlackElo "1566"]
[PlyCount "65"]
[EventDate "2019.01.03"]
[EventType "swiss"]
[EventRounds "7"]
[EventCountry "GER"]
[SourceTitle "EXT 2022"]
[Source "ChessBase"]
[SourceDate "2021.10.06"]
[SourceVersion "1"]
[SourceVersionDate "2021.10.06"]
[SourceQuality "1"]

1. Nf3 d5 2. d4 Nf6 3. Bf4 e6 4. e3 Bd6 5. Bg3 b6 6. Bb5+ c6 7. Bd3 0-0 8. Nbd2 c5 9. c3 c4 10. Bc2 Nc6 11. Ne5 Qc7 12. f4 Nd7 13. Nxc6 Qxc6 14. e4 Qc7 15. e5 Be7 16. f5 Re8 17. 0-0 Bf8 18. Nf3 Qc6 19. Ng5 h6 20. fxe6 fxe6 21. Bg6 Re7 22. Qh5 Bb7 23. Nf7 Qc8 24. Nd6 Qc6 25. Bh4 b5 26. Bxe7 Bxe7 27. Bf7+ Kh8 28. Ne8 Bf8 29. Qg6 Nb6 30. Rf3 Qd7 31. Rh3 Qe7 32. Rxh6+ gxh6 33. Qg8# 1-0

[Event "GER-chT U14 Girls"]
[Site "Neumuenster"]
[Date "2018.12.28"]
[Round "3.3"]
[White "Evering, Enna"]
[Black "Voigt, Anastasia"]
[Result "1-0"]
[WhiteElo "1388"]
[BlackElo "1421"]
[PlyCount "71"]
[EventDate "2018.12.27"]
[EventType "team-swiss"]
[EventRounds "7"]
[EventCountry "GER"]
[SourceTitle "CBM 188 Extra"]
[Source "ChessBase"]
[SourceDate "2019.02.28"]
[SourceVersion "1"]
[SourceVersionDate "2019.02.28"]
[SourceQuality "1"]
[WhiteTeam "Papenburg"]
[BlackTeam "Halle USV"]
[WhiteTeamCountry "GER"]
[BlackTeamCountry "GER"]

1. e4 e5 2. Nf3 Nc6 3. d4 exd4 4. Nxd4 Nf6 5. Nxc6 bxc6 6. e5 Nd5 7. c4 Nb6 8. Bd3 d5 9. exd6 cxd6 10. 0-0 Be7 11. Qc2 h6 12. Nc3 0-0 13. Be3 Be6 14. b3 Bf6 15. Rad1 Qc7 16. Ne4 Be7 17. c5 dxc5 18. Nxc5 Bd5 19. Be4 Rfd8 20. Rc1 Rac8 21. Bf5 Ra8 22. Qe2 Qe5 23. Qh5 g6 24. Bxg6 Qg7 25. Be4 Bxc5 26. Bxh6 Qf6 27. Bh7+ Kh8 28. Rxc5 Qd6 29. Be3 Nd7 30. Bg6+ Kg8 31. Qh7+ Kf8 32. Qh8+ Ke7 33. Bg5+ f6 34. Qg7+ Ke6 35. Re1+ Ne5 36. Qf7# 1-0

[Event "Niedersachsen-ch op C"]
[Site "Verden"]
[Date "2018.01.06"]
[Round "5"]
[White "Evering, Enna"]
[Black "Lambrecht, Harald"]
[Result "0-1"]
[WhiteElo "1357"]
[BlackElo "1230"]
[PlyCount "62"]
[EventDate "2018.01.04"]
[EventType "swiss"]
[EventRounds "7"]
[EventCountry "GER"]
[SourceTitle "EXT 2022"]
[Source "ChessBase"]
[SourceDate "2021.10.06"]
[SourceVersion "1"]
[SourceVersionDate "2021.10.06"]
[SourceQuality "1"]

1. e4 e6 2. d4 d5 3. Nc3 Bb4 4. Bd3 c5 5. dxc5 Bxc5 6. exd5 exd5 7. Bb5+ Nc6 8. Qxd5 Qxd5 9. Nxd5 Bb6 10. Nxb6 axb6 11. Be3 Nf6 12. Bxb6 0-0 13. Bxc6 bxc6 14. Be3 Bf5 15. c3 Rfd8 16. Nf3 Be4 17. Nh4 h6 18. f3 Bd3 19. g3 Ra5 20. Bd4 Re8+ 21. Kd2 Bc4 22. Bxf6 gxf6 23. a3 Re2+ 24. Kc1 Rae5 25. b4 Bb3 26. h3 Rc2+ 27. Kb1 Ree2 28. Rf1 Rb2+ 29. Kc1 Rec2+ 30. Kd1 Rxc3+ 31. Ke1 Re3# 0-1

[Event "GER-ch U12 Girls"]
[Site "Willingen"]
[Date "2017.06.07"]
[Round "7"]
[White "Evering, Enna"]
[Black "Doll, Rebecca"]
[Result "1-0"]
[WhiteElo "1419"]
[BlackElo "1437"]
[PlyCount "101"]
[EventDate "2017.06.04"]
[EventType "swiss"]
[EventRounds "11"]
[EventCountry "GER"]
[SourceTitle "CBM 178 Extra"]
[Source "ChessBase"]
[SourceDate "2017.06.22"]
[SourceVersion "1"]
[SourceVersionDate "2017.06.22"]
[SourceQuality "1"]

1. e4 e5 2. Nf3 Nc6 3. d4 exd4 4. Nxd4 Bc5 5. Nb3 Bb6 6. Nc3 Nf6 7. Qe2 0-0 8. Bg5 h6 9. Bh4 Re8 10. 0-0-0 d6 11. f3 Be6 12. Nd5 Bxd5 13. Rxd5 Kf8 14. Rd1 a5 15. a4 Qe7 16. Qd2 Ba7 17. Bb5 Bb6 18. Qc3 g5 19. Bg3 Nb4 20. Kb1 c6 21. Bc4 Bc7 22. Nd4 Qd8 23. Nf5 Na6 24. Nxd6 Qe7 25. Nxe8 Rxe8 26. Bxc7 Nxc7 27. Rhe1 b6 28. e5 Nd7 29. e6 fxe6 30. Qh8+ Kf7 31. Qh7+ Kf8 32. Qxh6+ Kf7 33. Qh7+ Kf8 34. Qxe7+ Rxe7 35. Rd2 Nc5 36. b3 b5 37. axb5 cxb5 38. Bf1 a4 39. Re5 Nd7 40. Rxg5 axb3 41. cxb3 b4 42. Rd4 Nd5 43. h4 N7f6 44. h5 Rh7 45. Bc4 Nc3+ 46. Kc2 Ke7 47. Rh4 Nd7 48. h6 Kf6 49. Rgh5 Nf8 50. Bd3 Rh8 51. h7 1-0

[Event "Niedersachsen-ch op-D"]
[Site "Verden"]
[Date "2017.01.08"]
[Round "7"]
[White "Weidenhoefer, Max"]
[Black "Evering, Enna"]
[Result "0-1"]
[WhiteElo "1452"]
[BlackElo "1110"]
[PlyCount "76"]
[EventDate "2017.01.05"]
[EventType "swiss"]
[EventRounds "7"]
[EventCountry "GER"]
[SourceTitle "CBM 187 Extra"]
[Source "ChessBase"]
[SourceDate "2018.11.04"]
[SourceVersion "1"]
[SourceVersionDate "2018.11.04"]
[SourceQuality "1"]

1. e4 e5 2. Nf3 Nc6 3. Bc4 Nf6 4. Nc3 Nxe4 5. 0-0 Nxc3 6. bxc3 d5 7. Bb5 Bd6 8. Re1 f6 9. c4 a6 10. cxd5 axb5 11. dxc6 bxc6 12. d4 Bg4 13. Qd3 Bxf3 14. Qxf3 c5 15. Qc6+ Kf7 16. dxc5 Be7 17. Be3 Ra5 18. Red1 Rxa2 19. h3 Rxa1 20. Rxa1 f5 21. Qf3 f4 22. g3 g5 23. Rd1 Qg8 24. Qd5+ Kf8 25. Qf3 Qf7 26. Bc1 Bxc5 27. gxf4 gxf4 28. Qa8+ Kg7 29. Qg2+ Qg6 30. Rd7+ Kh6 31. Qxg6+ Kxg6 32. Rxc7 Bb4 33. Rb7 Rd8 34. Bb2 Rd5 35. Kg2 h6 36. Kf3 Kf5 37. Rb8 e4+ 38. Kg2 f3+ 0-1

[Event "Niedersachsen-ch op-C"]
[Site "Verden"]
[Date "2016.01.04"]
[Round "4"]
[White "Evering, Enna"]
[Black "Buchterkirche, Wilfried"]
[Result "1/2-1/2"]
[WhiteElo "808"]
[BlackElo "1062"]
[PlyCount "73"]
[EventDate "2016.01.03"]
[EventType "swiss"]
[EventRounds "7"]
[EventCountry "GER"]
[SourceTitle "EXT 2018"]
[Source "ChessBase"]
[SourceDate "2017.10.13"]
[SourceVersion "1"]
[SourceVersionDate "2017.10.13"]
[SourceQuality "1"]

1. e4 e6 2. Nf3 d5 3. exd5 exd5 4. Qe2+ Be6 5. d4 Nd7 6. Nc3 Bb4 7. Bd2 Ne7 8. Qe3 0-0 9. Bb5 c6 10. Bd3 c5 11. 0-0 c4 12. Be2 h6 13. Ne5 Nf5 14. Qf4 Nxe5 15. dxe5 Nh4 16. a3 Ba5 17. Qg3 Bc7 18. Bxh6 Nf5 19. Bg5 Nxg3 20. Bxd8 Nxe2+ 21. Nxe2 Raxd8 22. Nd4 Bxe5 23. Nxe6 fxe6 24. Rae1 Rf5 25. b3 c3 26. Re3 d4 27. Rd3 Bd6 28. Rxd4 Rd5 29. Rfd1 Bxa3 30. Rxd5 exd5 31. Kf1 b5 32. Ke2 Kf7 33. f3 Ke6 34. Ke3 Bc5+ 35. Kd3 b4 36. Re1+ Kf5 37. g3 1/2-1/2